00498nam a22001697a 4500008004100000010001400041020001100055035001300066037001500079040001800094082001200112100002000124245008100144260004000225300002200265500004100287090306t xxu||||| |||| 00| 0 eng d aENG-93124 c100.00 aEN-76657 bDBAD / PUB adplbEnglish  a730.954 aSaraswathi, S.  aDance as depicted in Kakatiyan sculpture and literature /cby S. Saraswathi  aHyderabad bS. Dhana Lakshmi c2009 a91p.c21cm (pbk)  aIncludes bibliographical references